El vizconde de Letorieres (Record no. 171164)

MARC details
000 -LEADER
campo de control de longitud fija 00771nam a22001695i 4500
001 - NÚMERO DE CONTROL
campo de control 171164
003 - IDENTIFICADOR DE NÚMERO DE CONTROL
campo de control ES-MaACL
005 - FECHA Y HORA DE LA ÚLTIMA TRANSACCIÓN
campo de control 20230906214545.0
008 - DATOS DE LONGITUD FIJA--INFORMACIÓN GENERAL
campo de control de longitud fija 090430s1858 sp |||| | spa d
100 1# - ENTRADA PRINCIPAL--NOMBRE DE PERSONA
Nombre de persona García, José María (
Fechas asociadas al nombre m. 1890)
9 (RLIN) 140006
245 13 - MENCIÓN DEL TÍTULO
Título El vizconde de Letorieres
Resto del título : zarzuela en tres actos arreglada del francés /
Mención de responsabilidad, etc. por José María García ; música de Manuel Fernández Caballero.
260 ## - PUBLICACIÓN, DISTRIBUCIÓN, ETC.
Lugar de publicación, distribución, etc. Madrid :
Nombre del editor, distribuidor, etc. [s.n.],
Fecha de publicación, distribución, etc. 1858 (
Fabricante Imp. de José Rodríguez)
300 ## - DESCRIPCIÓN FÍSICA
Extensión 67 p. ;
Dimensiones 18 cm.
500 ## - NOTA GENERAL
Nota general Solo la letra.
700 1# - ENTRADA AGREGADA--NOMBRE PERSONAL
Nombre de persona Fernández Caballero, Manuel.
9 (RLIN) 49531
852 ## - LOCALIZACIÓN
Ubicación ES-MaACL
Número de control de estantería F-8588(10)
Nota libre .- Enc. pasta española
condición física - Falto de la cub. original
Nota libre - Enc. en un vol. facticio formando parte de la col. "Teatro español moderno", vol. 41
Holdings
Estatus retirado Estado de pérdida Estado de daño No para préstamo Colección Biblioteca de origen Biblioteca actual Ubicación en estantería Fecha de adquisición Fuente de adquisición Total de préstamos Signatura topográfica completa Código de barras Visto por última vez Precio de reemplazo Tipo de ítem Koha
        Libros del s. XIX Biblioteca del Ateneo de Madrid Biblioteca del Ateneo de Madrid Sala Pecera Planta 2 30/04/2009     F-8588(10) 1179629 23/02/2023 23/02/2023 Libro impreso antiguo